حقوق الوالدين و الطفل / (رقم التسجيلة. 58818)

تفاصيل مارك
000 -LEADER
fixed length control field 00652nam a22002297a 4500
005 - DATE AND TIME OF LATEST TRANSACTION
control field 20251108171203.0
008 - FIXED-LENGTH DATA ELEMENTS--GENERAL INFORMATION
fixed length control field 250721s9999 xx 000 0 ara d
082 14 - DEWEY DECIMAL CLASSIFICATION NUMBER
Classification number ط/216.531/مطر
100 1# - MAIN ENTRY--PERSONAL NAME
Personal name مطرجي، محمود
245 10 - TITLE STATEMENT
Title حقوق الوالدين و الطفل /
264 1# - PRODUCTION, PUBLICATION, DISTRIBUTION, MANUFACTURE, AND COPYRIGHT NOTICE
Place of production, publication, distribution, manufacture بيروت :
Name of producer, publisher, distributor, manufacturer أصالة للنشر،
490 0# - SERIES STATEMENT
Series statement سلسلة المسلم الصغير
650 17 - SUBJECT ADDED ENTRY--TOPICAL TERM
Topical term or geographic name as entry element الإسلام
650 17 - SUBJECT ADDED ENTRY--TOPICAL TERM
Topical term or geographic name as entry element الأسرة
650 17 - SUBJECT ADDED ENTRY--TOPICAL TERM
Topical term or geographic name as entry element الوالدين
650 17 - SUBJECT ADDED ENTRY--TOPICAL TERM
Topical term or geographic name as entry element الأبناء
650 17 - SUBJECT ADDED ENTRY--TOPICAL TERM
Topical term or geographic name as entry element حقوق الوالدين
650 17 - SUBJECT ADDED ENTRY--TOPICAL TERM
Topical term or geographic name as entry element القصص
653 ## - INDEX TERM--UNCONTROLLED
Uncontrolled term مرحلة (10-14)
942 ## - ADDED ENTRY ELEMENTS (KOHA)
Source of classification or shelving scheme Dewey Decimal Classification
Koha item type كتب
المقتنيات
حالة السحب حالة الفقدان مصدر التصنيف حالة التلف غير قابل للإعارة المكتبة الرئيسية المكتبة الحالية موقع الرف تاريخ التزويد الرقم المتسلسل Total Checkouts رقم الإستدعاء تاريخ آخر ظهور تاريخ الفاتورة نوع المادة (كوها) الباركود
    Dewey Decimal Classification     مكتبة قتيبة للأطفال مكتبة قتيبة للأطفال الأطفال 28/07/2025 1059525   ط/216.531/مطر 28/07/2025 28/07/2025 كتب 1059525
    Dewey Decimal Classification     مكتبة أم المؤمنين للأطفال مكتبة أم المؤمنين للأطفال الأطفال 28/07/2025 1059517   ط/216.531/مطر 28/07/2025 28/07/2025 كتب 1059517
    Dewey Decimal Classification     مكتبة الأميرة سلمى مكتبة الأميرة سلمى الأطفال 28/07/2025 1059519   ط/216.531/مطر 28/07/2025 28/07/2025 كتب 1059519
    Dewey Decimal Classification Unchecked   مكتبة البراءة للأطفال مكتبة البراءة للأطفال الأطفال 28/07/2025 417837   ط/216.531/مطر 28/07/2025 28/07/2025 كتب  
    Dewey Decimal Classification     مكتبة البيادر مكتبة البيادر الأطفال 28/07/2025 1059524   ط/216.531/مطر 28/07/2025 28/07/2025 كتب 1059524
    Dewey Decimal Classification     مكتبة الياسمين للأطفال مكتبة الياسمين للأطفال الأطفال 28/07/2025 1059518   ط/216.531/مطر 28/07/2025 28/07/2025 كتب 1059518
    Dewey Decimal Classification     مكتبة عدن للأطفال مكتبة عدن للأطفال الأطفال 28/07/2025 1059526   ط/216.531/مطر 28/07/2025 28/07/2025 كتب 1059526
Implemented & Customized by: BBB with SCIT (Smart Chains for Information Technology)

Powered by Koha